LIBRARY & INFORMATION CENTRE, KCAET, TAVANUR

ONLINE PUBLIC ACCESS CATALOGUE (OPAC)

Terrain analysis by GIS for hydrological applications (Record no. 15159)

MARC details
000 -LEADER
fixed length control field 00662nam a22001937a 4500
003 - CONTROL NUMBER IDENTIFIER
control field OSt
088 ## - REPORT NUMBER
Report number P 286
100 ## - MAIN ENTRY--AUTHOR NAME
Personal name ANJALY C. SUNNY
245 ## - TITLE STATEMENT
Title Terrain analysis by GIS for hydrological applications
260 ## - PUBLICATION, DISTRIBUTION, ETC. (IMPRINT)
Place of publication Tavanur 2014
Name of publisher Department of Land and Water Resources & Conservation Engineering
300 ## - PHYSICAL DESCRIPTION
Number of Pages 65
500 ## - GENERAL NOTE
General note Terrain analysis by GIS for hydrological applications
520 ## - SUMMARY, ETC.
Summary, etc Terrain analysis by GIS for hydrological applications
700 ## - ADDED ENTRY--PERSONAL NAME
Personal name Aswathi K
700 ## - ADDED ENTRY--PERSONAL NAME
Personal name Er. Vishnu B (Guide)
856 ## - ELECTRONIC LOCATION AND ACCESS
Uniform Resource Identifier https://drive.google.com/open?id=17YBWKIo7f1LB0TztCyQCK3urAYHPfq0X
942 ## - ADDED ENTRY ELEMENTS (KOHA)
Koha item type Project Report
Holdings
Collection code Home library Current library Shelving location Full call number Accession Number Koha item type
Reference KAUAET KAUAET Reference 631.7 ANJ/TE P 286 Project Report
free website counter